| 000 | 01010nam a2200325 i 4500 | ||
|---|---|---|---|
| 001 | 7995 | ||
| 003 | KOSZ 005 | ||
| 005 | 20220713085407.0 | ||
| 008 | 950707s1969 pl a f |000 0 pol d | ||
| 040 |
_cKOSZ 005/HR _aKOSZ 005/HR _dKOSZ 005/HR |
||
| 041 | _apol | ||
| 046 | _k1969 | ||
| 080 | _a69 | ||
| 080 | _a614.88 | ||
| 080 | _a331.45 | ||
| 100 | 1 |
_aLankajtes, Jerzy _eAutor |
|
| 245 | 0 |
_aPierwsza pomoc sanitarna w budownictwie i przemyśle materiałów budowlanych / _cJerzy Lankajtes, Feliks Sekuracki. |
|
| 260 |
_aWarszawa : _bArkady, _c1969. |
||
| 300 |
_a143 s. : _brys. ; _c20 cm. |
||
| 380 | _aKsiążki | ||
| 388 | _a1901-2000 | ||
| 388 | _a1945-1989 | ||
| 650 | 4 | _aBudownictwo | |
| 650 | 4 | _aBHP | |
| 650 | 4 | _aRatownictwo medyczne | |
| 700 | 1 |
_aSekuracki, Feliks _eAutor |
|
| 710 | 2 |
_aWydawnictwo "Arkady". _4pbl. |
|
| 856 |
_uhttp://koha.tu.koszalin.pl/cgi-bin/koha/opac-detail.pl?biblionumber=7995 _yKatalog online BPK |
||
| 942 |
_cKS _2UKD |
||
| 999 |
_c7995 _d7995 |
||